000 00629cam a22001457a 4500
999 _c508930
_d508930
008 180718b-- xxu||||| |||| 00| 0 eng d
082 _aL806x54/F 1987-88
100 _aIndia. Ministry of Finance. Department of Expenditure. Controller General of Accounts
_94455
245 _aFinance accounts, Union Government, 1987-88
_cby Controller General of Accounts.Department of Expenditure. Ministry of Finance
260 _aDelhi
_bThe Controller of Publications
_c1988
300 _a577p.
500 _aLibrary has 1987-88, 1991/92-2003/04, 2005/06-2007/08, 2009/10
650 _aFinance, Public - Auditing - India
_94456
942 _2ddc